[Event "PRO League KO Stage 2020"]
[Site "chess.com INT"]
[Date "2020.09.25"]
[Round "3.2"]
[White "Martirosyan, Haik M."]
[Black "Tari, Aryan"]
[Result "1/2-1/2"]
[WhiteTitle "GM"]
[BlackTitle "GM"]
[WhiteElo "2617"]
[BlackElo "2634"]
[WhiteTeam "Armenia Eagles"]
[BlackTeam "Canada Chessbrahs"]
[WhiteFideId "13306553"]
[BlackFideId "1510045"]
[EventDate "2020.03.02"]

1. d4 Nf6 2. Nf3 g6 3. Nc3 d5 4. Bf4 Bg7 5. Nb5 Na6 6. e3 O-O 7. Be2 c6 8. Nc3
Nc7 9. h4 h5 10. Ne5 Nce8 11. g4 hxg4 12. Nxg4 Nxg4 13. Bxg4 Bxg4 14. Qxg4 Nf6
15. Qf3 Qd7 16. Rg1 Kh7 17. O-O-O Rh8 18. Rg2 Kg8 19. Rh1 Nh5 20. Ne2 Re8 21.
Be5 Qe6 22. Bxg7 Kxg7 23. Rhg1 Rh7 24. Rg5 Reh8 25. Qg2 Kf8 26. Qh2 Qd6 27. Qh3
Kg7 28. a3 Nf6 29. Ng3 Qd7 30. Qh2 Kf8 31. Rh1 Rxh4 32. Qxh4 Rxh4 33. Rxh4 e6
34. Ne2 Ne4 35. Rg2 c5 36. dxc5 Qb5 37. f3 Nxc5 38. Rh8+ Ke7 39. Rh7 Nd7 40. Rh1
Ne5 41. Nd4 Qb6 42. b3 Nc6 43. Rh4 e5 44. Nxc6+ bxc6 45. Re2 a5 46. Ra4 Qb5 47.
Kd2 f5 48. Rh4 Qc5 49. b4 axb4 50. axb4 Qb5 51. Rg2 e4 52. Rh7+ Kf6 53. Rh6
Qxb4+ 54. Kd1 Qb1+ 55. Kd2 Qb4+ 56. Kd1 Qb1+ 57. Kd2 exf3 58. Rgxg6+ Kf7 59.
Rf6+ Ke7 60. Re6+ Kd7 61. Rd6+ Ke7 62. Rde6+ Kf7 63. Ref6+ Ke7 64. Re6+ 1/2-1/2

[Event "PRO League KO Stage 2020"]
[Site "chess.com INT"]
[Date "2020.09.25"]
[Round "3.2"]
[White "Grischuk, Alexander"]
[Black "Petrosian, Tigran L."]
[Result "1-0"]
[WhiteTitle "GM"]
[BlackTitle "GM"]
[WhiteElo "2777"]
[BlackElo "2601"]
[WhiteTeam "Canada Chessbrahs"]
[BlackTeam "Armenia Eagles"]
[WhiteFideId "4126025"]
[BlackFideId "13301616"]
[EventDate "2020.03.02"]

1. d4 d6 2. e4 g6 3. Nf3 Bg7 4. Bd3 Nf6 5. O-O O-O 6. Re1 Nc6 7. d5 Nb8 8. h3 c6
9. c4 Nbd7 10. Nc3 a6 11. Be3 Re8 12. Rc1 e5 13. b4 c5 14. a3 b6 15. Bc2 cxb4
16. axb4 a5 17. Ra1 Ba6 18. bxa5 bxa5 19. Nd2 Nc5 20. Bxc5 dxc5 21. Ba4 Rf8 22.
Bc6 Rb8 23. Nb5 Ne8 24. Qa4 f5 25. Qxa5 Qxa5 26. Rxa5 Bxb5 27. cxb5 Nd6 28. exf5
gxf5 29. Nb3 e4 30. Rc1 c4 31. Nc5 Bb2 32. Rc2 Bd4 33. Nd7 f4 34. Nxb8 Rxb8 35.
Ra8 Rxa8 36. Bxa8 c3 37. b6 Bxb6 38. Rxc3 e3 39. Kf1 Ne4 40. Rc8+ Kf7 41. fxe3
fxe3 42. Ke2 Ng3+ 43. Kf3 e2 44. Rc1 Ba5 45. Kf2 Kf6 46. d6 Ke6 47. Bf3 e1=Q+
48. Rxe1+ Bxe1+ 49. Kxe1 Kxd6 50. Kf2 Nf5 51. Be4 Ke5 52. Bxf5 Kxf5 53. Kf3 h5
54. g3 Ke5 55. Ke3 Kf5 56. Kd4 Ke6 57. Ke4 Kf6 58. Kf4 Kg6 59. Ke5 Kg5 60. Ke6
h4 61. g4 Kg6 62. Kd5 Kg7 63. Ke5 Kg6 64. Ke6 Kg5 65. Kf7 Kf4 66. Kf6 Kg3 67. g5
Kxh3 68. g6 Kh2 69. g7 h3 70. g8=Q Kh1 71. Qd5+ 1-0

[Event "PRO League KO Stage 2020"]
[Site "chess.com INT"]
[Date "2020.09.25"]
[Round "3.2"]
[White "Giri, Anish"]
[Black "Sadhwani, Raunak"]
[Result "0-1"]
[WhiteTitle "GM"]
[BlackTitle "IM"]
[WhiteElo "2763"]
[BlackElo "2545"]
[WhiteTeam "Canada Chessbrahs"]
[BlackTeam "Armenia Eagles"]
[WhiteFideId "24116068"]
[BlackFideId "35093487"]
[EventDate "2020.03.02"]

1. Nf3 Nf6 2. c4 c5 3. Nc3 Nc6 4. e3 e5 5. Be2 Be7 6. d4 exd4 7. exd4 d5 8. Be3
cxd4 9. Nxd4 Nxd4 10. Bxd4 dxc4 11. Bxc4 O-O 12. O-O Bg4 13. Qd3 a6 14. h3 Bh5
15. Qe3 Re8 16. Qf4 Rc8 17. Bb3 Qd6 18. Qxd6 Bxd6 19. Rfe1 Kf8 20. Rac1 Bf4 21.
Rxe8+ Rxe8 22. Ra1 Bd6 23. g4 Bg6 24. Rd1 Be7 25. f4 h5 26. f5 Bh7 27. g5 Nd7
28. g6 fxg6 29. Bxg7+ Kxg7 30. Rxd7 Kh6 31. fxg6 Bc5+ 32. Kg2 Bxg6 33. Rxb7 Rd8
34. Rc7 Rd2+ 35. Kf3 Rf2+ 36. Kg3 Be3 37. Nd5 Bd4 38. Rc6 h4+ 39. Kxh4 Rg2 40.
Nf6 Bf2# 0-1

[Event "PRO League KO Stage 2020"]
[Site "chess.com INT"]
[Date "2020.09.25"]
[Round "3.3"]
[White "Giri, Anish"]
[Black "Maghsoodloo, Parham"]
[Result "0-1"]
[WhiteTitle "GM"]
[BlackTitle "GM"]
[WhiteElo "2763"]
[BlackElo "2676"]
[WhiteTeam "Canada Chessbrahs"]
[BlackTeam "Armenia Eagles"]
[WhiteFideId "24116068"]
[BlackFideId "12539929"]
[EventDate "2020.03.02"]

1. Nf3 d5 2. d4 Nf6 3. c4 e6 4. Nc3 Bb4 5. cxd5 exd5 6. Bg5 h6 7. Bh4 O-O 8. e3
Bf5 9. Qb3 Bxc3+ 10. bxc3 Nbd7 11. Be2 c5 12. dxc5 g5 13. Bg3 Nxc5 14. Qb4 Rc8
15. O-O Re8 16. Rad1 a5 17. Qa3 Qb6 18. c4 dxc4 19. Rd6 Rc6 20. Rxc6 bxc6 21.
Bxc4 Nce4 22. Ne5 Be6 23. Rc1 Bd5 24. Bxd5 cxd5 25. Nc6 Kh7 26. Qxa5 Qxa5 27.
Nxa5 Ra8 28. Bc7 d4 29. exd4 Nd5 30. Nb3 Rxa2 31. Bg3 f5 32. Nc5 Nec3 33. Re1 f4
34. Ne6 fxg3 35. hxg3 Kg6 36. Kf1 Nb4 37. Nc5 Nc2 38. Re6+ Kf7 39. f3 Nxd4 40.
Rxh6 Nd5 41. Ne4 Ne3+ 42. Kg1 g4 43. Rd6 Rxg2+ 44. Kh1 Nxf3 45. Ng5+ Ke7 46.
Re6+ Kd7 47. Rh6 Rg1# 0-1

[Event "PRO League KO Stage 2020"]
[Site "chess.com INT"]
[Date "2020.09.25"]
[Round "3.3"]
[White "Grischuk, Alexander"]
[Black "Martirosyan, Haik M."]
[Result "1/2-1/2"]
[WhiteTitle "GM"]
[BlackTitle "GM"]
[WhiteElo "2777"]
[BlackElo "2617"]
[WhiteTeam "Canada Chessbrahs"]
[BlackTeam "Armenia Eagles"]
[WhiteFideId "4126025"]
[BlackFideId "13306553"]
[EventDate "2020.03.02"]

1. d4 Nf6 2. c4 e6 3. Nc3 Bb4 4. Nf3 O-O 5. Bg5 c5 6. Rc1 cxd4 7. Nxd4 h6 8. Bh4
d5 9. cxd5 e5 10. Bxf6 Qxf6 11. Nc2 Bxc3+ 12. bxc3 Na6 13. g3 Nc5 14. Bg2 Bd7
15. Qd2 Rac8 16. O-O Rfd8 17. Ne3 b6 18. Rb1 Nb7 19. Rfc1 Nd6 20. c4 Rc5 21. Qb4
Rdc8 22. Qa3 Ra5 23. Qb3 Rac5 24. Qa3 R8c7 25. h4 h5 26. Bf3 g6 27. Bg2 g5 28.
hxg5 Qxg5 29. Qd3 f5 30. Nf1 f4 31. Ra1 Bf5 32. e4 Bg4 33. Nh2 b5 34. Kh1 Rxc4
35. Rxc4 bxc4 36. Qc3 Qf6 37. gxf4 Qxf4 38. Rg1 Rg7 39. f3 Bd7 40. Qb4 Qf6 41.
Bf1 Rxg1+ 42. Kxg1 Kf7 43. Bxc4 Qg5+ 44. Kh1 Nxc4 45. Qxc4 Qe3 46. Qc7 Qe1+ 47.
Kg2 Qd2+ 48. Kg1 Qe3+ 49. Kg2 Qd2+ 50. Kg1 Qe3+ 51. Kg2 Qd2+ 1/2-1/2

[Event "PRO League KO Stage 2020"]
[Site "chess.com INT"]
[Date "2020.09.25"]
[Round "3.3"]
[White "Petrosian, Tigran L."]
[Black "Tari, Aryan"]
[Result "1-0"]
[WhiteTitle "GM"]
[BlackTitle "GM"]
[WhiteElo "2601"]
[BlackElo "2634"]
[WhiteTeam "Armenia Eagles"]
[BlackTeam "Canada Chessbrahs"]
[WhiteFideId "13301616"]
[BlackFideId "1510045"]
[EventDate "2020.03.02"]

1. Nf3 Nf6 2. g3 g6 3. Bg2 Bg7 4. d3 d5 5. O-O O-O 6. Nbd2 c5 7. e4 Nc6 8. Re1
e5 9. c3 Re8 10. a3 d4 11. cxd4 cxd4 12. b4 a6 13. Nb3 Nd7 14. Bg5 f6 15. Bd2 b5
16. Rc1 Bb7 17. Bh3 Bf8 18. Nh4 a5 19. Nxa5 Nxa5 20. bxa5 Nc5 21. Bb4 Qc7 22.
Bxc5 Bxc5 23. Qc2 Rec8 24. Bxc8 Rxc8 25. Qb3+ Kg7 26. Qxb5 Qe7 27. a6 Ba8 28.
Rc4 Rc7 29. Rec1 Bd6 30. Rxc7 Bxc7 31. a7 Bd6 32. Qb8 1-0

[Event "PRO League KO Stage 2020"]
[Site "chess.com INT"]
[Date "2020.09.25"]
[Round "3.3"]
[White "Sadhwani, Raunak"]
[Black "Saric, Ivan"]
[Result "1/2-1/2"]
[WhiteTitle "IM"]
[BlackTitle "GM"]
[WhiteElo "2545"]
[BlackElo "2646"]
[WhiteTeam "Armenia Eagles"]
[BlackTeam "Canada Chessbrahs"]
[WhiteFideId "35093487"]
[BlackFideId "14508150"]
[EventDate "2020.03.02"]

1. c4 g6 2. Nc3 Bg7 3. d4 Nf6 4. e4 d6 5. Bd3 O-O 6. Nge2 Nc6 7. O-O e5 8. d5
Nd4 9. Bg5 h6 10. Be3 Ng4 11. Bd2 c5 12. f3 Nf6 13. a4 Nxe2+ 14. Nxe2 a5 15. Ra3
Bd7 16. Kh1 Nh5 17. Qc1 Kh7 18. g4 Nf6 19. Ng3 Ne8 20. Kg2 Nc7 21. h4 Na6 22. h5
g5 23. b3 Nb4 24. Bb1 1/2-1/2

[Event "PRO League KO Stage 2020"]
[Site "chess.com INT"]
[Date "2020.09.25"]
[Round "3.4"]
[White "Maghsoodloo, Parham"]
[Black "Grischuk, Alexander"]
[Result "1/2-1/2"]
[WhiteTitle "GM"]
[BlackTitle "GM"]
[WhiteElo "2676"]
[BlackElo "2777"]
[WhiteTeam "Armenia Eagles"]
[BlackTeam "Canada Chessbrahs"]
[WhiteFideId "12539929"]
[BlackFideId "4126025"]
[EventDate "2020.03.02"]

1. e4 c5 2. Nf3 d6 3. d4 cxd4 4. Nxd4 Nf6 5. Nc3 a6 6. h3 e5 7. Nde2 h5 8. g3
Be7 9. Bg2 b5 10. Bg5 Nbd7 11. O-O Bb7 12. b4 O-O 13. Qd3 Rc8 14. a4 Rc4 15.
axb5 axb5 16. Nxb5 Rxb4 17. Nxd6 Bxd6 18. Qxd6 Rc4 19. Rad1 Qc8 20. Bxf6 Nxf6
21. Qxe5 Bxe4 22. Nd4 Bxc2 23. Nxc2 Rxc2 24. Rd6 Re8 25. Qa1 Qf5 26. Qd4 Ree2
27. Qd3 Qxd3 28. Rxd3 g5 29. Bf3 Re5 30. Rfd1 Rf5 31. Re3 Kg7 32. Re2 Rc3 33.
Bg2 Rfc5 34. Rde1 Rc1 35. Bf3 g4 36. hxg4 hxg4 37. Bb7 Kg6 38. Kg2 1/2-1/2

[Event "PRO League KO Stage 2020"]
[Site "chess.com INT"]
[Date "2020.09.25"]
[Round "3.4"]
[White "Martirosyan, Haik M."]
[Black "Giri, Anish"]
[Result "1/2-1/2"]
[WhiteTitle "GM"]
[BlackTitle "GM"]
[WhiteElo "2617"]
[BlackElo "2763"]
[WhiteTeam "Armenia Eagles"]
[BlackTeam "Canada Chessbrahs"]
[WhiteFideId "13306553"]
[BlackFideId "24116068"]
[EventDate "2020.03.02"]

1. d4 Nf6 2. Nf3 d5 3. c4 e6 4. Nc3 Bb4 5. Bg5 h6 6. Bxf6 Qxf6 7. Qa4+ Nc6 8. e3
O-O 9. Be2 dxc4 10. Qb5 Qe7 11. Qxc4 Bd6 12. O-O e5 13. d5 Nb8 14. Nb5 Na6 15.
Nxd6 cxd6 16. Rac1 Bd7 17. Nd2 Rfc8 18. Qb3 Nc5 19. Qb4 b5 20. Qa5 Qd8 21. Qxd8+
Rxd8 22. b4 Na6 23. a3 Kf8 24. Nb3 Rac8 25. Na5 Ke7 26. f3 Nb8 27. e4 a6 28. Kf2
f5 29. Ke3 f4+ 30. Kd2 Rxc1 31. Rxc1 Rc8 32. Rh1 Kf6 33. g4 Ke7 34. h4 g6 35. h5
g5 36. Rc1 Rxc1 37. Kxc1 Kd8 38. Kd2 Kc7 39. Nb3 Kb6 40. Na5 Be8 41. Nb3 Nd7 42.
Na5 Nf6 43. Nb3 Bd7 44. Kd3 Kc7 45. Na5 Be8 46. Bf1 Bd7 47. Be2 Be8 48. Bf1 Bd7
49. Be2 1/2-1/2

[Event "PRO League KO Stage 2020"]
[Site "chess.com INT"]
[Date "2020.09.25"]
[Round "3.4"]
[White "Saric, Ivan"]
[Black "Petrosian, Tigran L."]
[Result "0-1"]
[WhiteTitle "GM"]
[BlackTitle "GM"]
[WhiteElo "2646"]
[BlackElo "2601"]
[WhiteTeam "Canada Chessbrahs"]
[BlackTeam "Armenia Eagles"]
[WhiteFideId "14508150"]
[BlackFideId "13301616"]
[EventDate "2020.03.02"]

1. e4 g6 2. d4 Bg7 3. Nf3 d6 4. Bc4 Nf6 5. Qe2 O-O 6. O-O c6 7. e5 dxe5 8. dxe5
Nd5 9. Rd1 Bg4 10. Nbd2 Nd7 11. h3 Be6 12. Ne4 Nxe5 13. Nxe5 Bxe5 14. Nc5 Qd6
15. Nxe6 Qxe6 16. Re1 Bd4 17. Qxe6 fxe6 18. Kh2 Rxf2 19. c3 Bc5 20. Rxe6 Raf8
21. Bh6 R8f6 22. Rxf6 exf6 23. Rd1 Rxb2 24. Bxd5+ cxd5 25. Rxd5 Be7 26. Be3 a6
27. Bc5 Rb5 0-1

[Event "PRO League KO Stage 2020"]
[Site "chess.com INT"]
[Date "2020.09.25"]
[Round "3.4"]
[White "Tari, Aryan"]
[Black "Sadhwani, Raunak"]
[Result "1/2-1/2"]
[WhiteTitle "GM"]
[BlackTitle "IM"]
[WhiteElo "2634"]
[BlackElo "2545"]
[WhiteTeam "Canada Chessbrahs"]
[BlackTeam "Armenia Eagles"]
[WhiteFideId "1510045"]
[BlackFideId "35093487"]
[EventDate "2020.03.02"]

1. e4 e5 2. Nf3 Nc6 3. Bb5 Nf6 4. d3 Bc5 5. Bxc6 dxc6 6. O-O Nd7 7. c3 O-O 8. d4
exd4 9. cxd4 Be7 10. Nc3 Nb6 11. h3 a5 12. a4 f5 13. Qb3+ Kh8 14. Ne5 Qe8 15.
Re1 Bd6 16. Bf4 Be6 17. d5 Bg8 18. Nd3 Bxf4 19. Nxf4 fxe4 20. Rxe4 Qf7 1/2-1/2

[Event "PRO League KO Stage 2020"]
[Site "chess.com INT"]
[Date "2020.09.26"]
[Round "4.1"]
[White "Li, Chao b"]
[Black "Grischuk, Alexander"]
[Result "1/2-1/2"]
[WhiteTitle "GM"]
[BlackTitle "GM"]
[WhiteElo "2683"]
[BlackElo "2777"]
[WhiteTeam "China Pandas"]
[BlackTeam "Canada Chessbrahs"]
[WhiteFideId "8604436"]
[BlackFideId "4126025"]
[EventDate "2020.03.02"]

1. d4 Nf6 2. Nf3 d5 3. Bf4 Bf5 4. e3 e6 5. Bd3 Bd6 6. O-O O-O 7. Ne5 Nbd7 8. Nd2
Qe7 9. Qe2 Bxd3 10. cxd3 c5 11. Nxd7 Nxd7 12. Bxd6 Qxd6 13. dxc5 Nxc5 1/2-1/2

[Event "PRO League KO Stage 2020"]
[Site "chess.com INT"]
[Date "2020.09.26"]
[Round "4.1"]
[White "Saric, Ivan"]
[Black "Yu, Yangyi"]
[Result "0-1"]
[WhiteTitle "GM"]
[BlackTitle "GM"]
[WhiteElo "2646"]
[BlackElo "2709"]
[WhiteTeam "Canada Chessbrahs"]
[BlackTeam "China Pandas"]
[WhiteFideId "14508150"]
[BlackFideId "8603820"]
[EventDate "2020.03.02"]

1. e4 e5 2. Nf3 Nf6 3. Nxe5 d6 4. Nf3 Nxe4 5. Nc3 Nxc3 6. dxc3 Nc6 7. Be3 Be7 8.
Qd2 Bf5 9. O-O-O Qd7 10. h3 a6 11. g4 Be4 12. Be2 O-O-O 13. Rhg1 Rhe8 14. Nd4
Nxd4 15. Bxd4 Qa4 16. Kb1 Bg5 17. Be3 Bxe3 18. fxe3 Kb8 19. g5 Re7 20. b3 Qa3
21. Qd4 Rde8 22. Bd3 g6 23. c4 a5 24. h4 a4 25. Rgf1 Bxd3 26. Rxd3 Re4 27. Qb2
Qc5 28. Qg7 Rxe3 29. Rxe3 Qxe3 30. bxa4 Re4 31. Qxf7 Qc3 32. Qf6 Qxc4 33. Rf3
Rxh4 34. Rc3 Qb4+ 35. Rb3 Qd4 36. Qxd4 Rxd4 37. Rh3 Rxa4 38. Rxh7 Rg4 39. Rh8+
Ka7 40. Rh7 Kb6 41. Rg7 Rxg5 42. Kb2 Rg3 43. c3 g5 44. Kb3 Rg1 45. a4 g4 46. a5+
Kc6 47. Kb2 g3 48. Ka2 g2 49. Kb2 Kb5 50. Rg5+ c5 51. Rg7 Kxa5 0-1

[Event "PRO League KO Stage 2020"]
[Site "chess.com INT"]
[Date "2020.09.26"]
[Round "4.1"]
[White "Tari, Aryan"]
[Black "Ding, Liren"]
[Result "1-0"]
[WhiteTitle "GM"]
[BlackTitle "GM"]
[WhiteElo "2634"]
[BlackElo "2805"]
[WhiteTeam "Canada Chessbrahs"]
[BlackTeam "China Pandas"]
[WhiteFideId "1510045"]
[BlackFideId "8603677"]
[EventDate "2020.03.02"]

1. e4 c5 2. Nf3 d6 3. Bc4 Nf6 4. Qe2 Nc6 5. h3 e6 6. Bb3 Be7 7. c3 e5 8. O-O O-O
9. Rd1 Re8 10. d4 exd4 11. cxd4 Nxd4 12. Nxd4 cxd4 13. Rxd4 d5 14. Nc3 Bc5 15.
Rd1 d4 16. Bxf7+ Kxf7 17. Qc4+ Re6 18. Qxc5 Nxe4 19. Qc4 Nxc3 20. bxc3 Qe7 21.
cxd4 Bd7 22. Bf4 Rc8 23. Qb3 Be8 24. d5 Rb6 25. Qf3 Qf6 26. d6 Bd7 27. Qg3 Rb5
28. Re1 Re8 29. Rac1 Rxe1+ 30. Rxe1 Be6 31. Be5 Qg6 32. Qc3 Bd7 33. Bg3 Bc6 34.
Re7+ Kf8 35. Qe3 Qb1+ 36. Kh2 Qf5 37. Rc7 Qe4 38. Qxe4 Bxe4 39. Rc8+ 1-0

[Event "PRO League KO Stage 2020"]
[Site "chess.com INT"]
[Date "2020.09.26"]
[Round "4.2"]
[White "Giri, Anish"]
[Black "Li, Chao b"]
[Result "1/2-1/2"]
[WhiteTitle "GM"]
[BlackTitle "GM"]
[WhiteElo "2763"]
[BlackElo "2683"]
[WhiteTeam "Canada Chessbrahs"]
[BlackTeam "China Pandas"]
[WhiteFideId "24116068"]
[BlackFideId "8604436"]
[EventDate "2020.03.02"]

1. c4 Nf6 2. Nf3 g6 3. Nc3 d5 4. cxd5 Nxd5 5. h4 h6 6. e4 Nxc3 7. dxc3 Qxd1+ 8.
Kxd1 f6 9. e5 Nc6 10. exf6 exf6 11. Bd3 Kf7 12. Bf4 Bd6 13. Bxd6 Rd8 14. Kc2 1/2-1/2

[Event "PRO League KO Stage 2020"]
[Site "chess.com INT"]
[Date "2020.09.26"]
[Round "4.2"]
[White "Ding, Liren"]
[Black "Saric, Ivan"]
[Result "1-0"]
[WhiteTitle "GM"]
[BlackTitle "GM"]
[WhiteElo "2805"]
[BlackElo "2646"]
[WhiteTeam "China Pandas"]
[BlackTeam "Canada Chessbrahs"]
[WhiteFideId "8603677"]
[BlackFideId "14508150"]
[EventDate "2020.03.02"]

1. d4 Nf6 2. c4 g6 3. Nf3 Bg7 4. e3 c5 5. d5 O-O 6. Nc3 d6 7. Be2 e6 8. Nd2 Na6
9. O-O Nc7 10. e4 Re8 11. a4 Na6 12. Bd3 Nb4 13. Bb1 b6 14. Ra3 exd5 15. exd5
Bg4 16. f3 Bd7 17. Nde4 Nxe4 18. Nxe4 Bd4+ 19. Kh1 Bf5 20. Bg5 f6 21. Bh4 Bxb2
22. Rb3 Be5 23. f4 Bd4 24. Ng3 Bxb1 25. Rxb1 a5 26. Qg4 Nd3 27. Ne2 Qc8 28. f5
Ne5 29. Qg3 g5 30. Bxg5 fxg5 31. Qxg5+ Kf7 32. Qh5+ Kg8 33. Qg5+ Kf7 34. Nf4 Qd8
35. f6 Ng6 36. Qh6 Qxf6 37. Qxh7+ 1-0

[Event "PRO League KO Stage 2020"]
[Site "chess.com INT"]
[Date "2020.09.26"]
[Round "4.3"]
[White "Yu, Yangyi"]
[Black "Grischuk, Alexander"]
[Result "1/2-1/2"]
[WhiteTitle "GM"]
[BlackTitle "GM"]
[WhiteElo "2709"]
[BlackElo "2777"]
[WhiteTeam "China Pandas"]
[BlackTeam "Canada Chessbrahs"]
[WhiteFideId "8603820"]
[BlackFideId "4126025"]
[EventDate "2020.03.02"]

1. d4 Nf6 2. c4 e6 3. Nf3 d5 4. Nc3 Be7 5. Bf4 O-O 6. e3 Nbd7 7. c5 Nh5 8. Bd3
Nxf4 9. exf4 b6 10. b4 a5 11. a3 c6 12. O-O Ba6 13. Bxa6 Rxa6 14. Qe2 Qa8 15.
Rab1 axb4 16. axb4 Bf6 17. Rfc1 Ra3 18. Nd1 Rb8 19. Ne3 Ra2 20. Qd1 g6 21. g3
Bg7 22. Ra1 bxc5 23. bxc5 Nf6 24. Rxa2 Qxa2 25. Ra1 Qb2 26. Qc1 Qxc1+ 27. Rxc1
Ne4 28. Ra1 Nxc5 29. Ng4 Nb3 30. Ra4 c5 31. dxc5 Nxc5 32. Ra7 h5 33. Nge5 Bxe5
34. Nxe5 Rb7 35. Ra5 Ne4 36. Ra2 Kg7 37. Kg2 Rc7 38. Rb2 Nd6 39. Ra2 Nc4 40. Nf3
Rb7 41. Nd4 Kf6 42. Ra1 Rb2 43. Kg1 Nd6 44. Nf3 Ne4 45. Ra7 Nxf2 46. Ng5 Kf5 47.
Rxf7+ Kg4 48. Rf6 Nh3+ 49. Nxh3 Kxh3 50. Rxe6 Rxh2 51. Rxg6 Rb2 52. f5 d4 53.
Kf1 d3 54. Rd6 Rb5 55. Rxd3 Rxf5+ 56. Kg1 Kg4 57. Kg2 Rb5 58. Rd4+ Kg5 59. Kh3
Re5 60. Rf4 Rd5 61. Re4 Rc5 62. Rd4 Re5 63. Rc4 Rd5 64. Rb4 Rc5 65. Ra4 Rb5 66.
Rc4 Ra5 67. Rd4 Rb5 68. Rc4 Ra5 1/2-1/2

[Event "PRO League KO Stage 2020"]
[Site "chess.com INT"]
[Date "2020.09.26"]
[Round "4.3"]
[White "Ding, Liren"]
[Black "Giri, Anish"]
[Result "1-0"]
[WhiteTitle "GM"]
[BlackTitle "GM"]
[WhiteElo "2805"]
[BlackElo "2763"]
[WhiteTeam "China Pandas"]
[BlackTeam "Canada Chessbrahs"]
[WhiteFideId "8603677"]
[BlackFideId "24116068"]
[EventDate "2020.03.02"]

1. d4 Nf6 2. c4 e6 3. g3 Bb4+ 4. Bd2 Be7 5. Bg2 d5 6. Nf3 O-O 7. O-O Nbd7 8. Qc2
c6 9. Bf4 b6 10. Nbd2 Bb7 11. e4 dxe4 12. Nxe4 Nxe4 13. Qxe4 Nf6 14. Qe2 c5 15.
Rad1 cxd4 16. Rxd4 Qc8 17. Ne5 Bxg2 18. Kxg2 Qb7+ 19. Qf3 Qxf3+ 20. Kxf3 Rfc8
21. Rfd1 Kf8 22. g4 h6 23. h4 Ke8 24. g5 hxg5 25. hxg5 Nh5 26. Be3 g6 27. Rd7
Ng7 28. Rb7 Rcb8 29. Rxb8+ Rxb8 30. Rd7 Ra8 31. Rb7 Nf5 32. Nc6 Rc8 33. Nxe7
Nxe7 34. Rxa7 Rxc4 35. Bxb6 Nc6 36. Rc7 Ne5+ 37. Ke3 Rxc7 38. Bxc7 Nc4+ 39. Ke4
Nxb2 40. Be5 Nc4 41. Kd4 Na5 42. Kc5 Kd7 43. a4 Nc6 44. f4 Ne7 45. a5 Kc8 46. a6
Nd5 47. Kd6 Kb8 48. Kd7+ Ka7 49. Ke8 Kxa6 50. Kxf7 Kb5 51. Kxg6 Kc6 52. Kf7 Kd7
53. g6 1-0

[Event "PRO League KO Stage 2020"]
[Site "chess.com INT"]
[Date "2020.09.26"]
[Round "4.3"]
[White "Saric, Ivan"]
[Black "Li, Chao b"]
[Result "1/2-1/2"]
[WhiteTitle "GM"]
[BlackTitle "GM"]
[WhiteElo "2646"]
[BlackElo "2683"]
[WhiteTeam "Canada Chessbrahs"]
[BlackTeam "China Pandas"]
[WhiteFideId "14508150"]
[BlackFideId "8604436"]
[EventDate "2020.03.02"]

1. e4 c5 2. Nf3 d6 3. d4 cxd4 4. Nxd4 Nf6 5. Nc3 Nc6 6. Bg5 e6 7. Qd2 a6 8.
O-O-O Bd7 9. f4 b5 10. Bxf6 gxf6 11. Kb1 b4 12. Nce2 Qb6 13. h4 h5 14. Rh3 a5
15. Re3 a4 16. Nxc6 Bxc6 17. Nd4 Bd7 18. Bc4 Bg7 19. Ne2 Rc8 20. b3 Bc6 21. Nd4
Bd7 22. Rd3 Bf8 23. f5 e5 24. Ne2 Rxc4 25. bxc4 Qc5 26. Ng3 Qxc4 27. Rxd6 Bxd6
28. Qxd6 Qc6 29. Qb8+ Bc8 30. Qxb4 Qb7 31. a3 Qxb4+ 32. axb4 Rg8 33. Nxh5 Ke7
34. Rd3 Rxg2 35. Ng3 Ba6 36. Rc3 Kd6 37. h5 Rh2 38. Kb2 Rh3 39. Ka3 Bb5 40. Ka2
Ba6 41. Kb2 Bb5 42. Ka3 Kd7 43. Kb2 Kd6 44. Rc5 Bc6 45. Rc3 Bb5 1/2-1/2

[Event "PRO League KO Stage 2020"]
[Site "chess.com INT"]
[Date "2020.09.26"]
[Round "4.4"]
[White "Grischuk, Alexander"]
[Black "Ding, Liren"]
[Result "0-1"]
[WhiteTitle "GM"]
[BlackTitle "GM"]
[WhiteElo "2777"]
[BlackElo "2805"]
[WhiteTeam "Canada Chessbrahs"]
[BlackTeam "China Pandas"]
[WhiteFideId "4126025"]
[BlackFideId "8603677"]
[EventDate "2020.03.02"]

1. d4 Nf6 2. c4 e6 3. Nc3 Bb4 4. e3 O-O 5. Bd3 d5 6. cxd5 exd5 7. Ne2 Re8 8. O-O
Bd6 9. Bd2 b6 10. Rc1 c5 11. Ng3 Bb7 12. Qf3 Nbd7 13. Nf5 Bf8 14. Qg3 g6 15.
Rfd1 Re6 16. e4 dxe4 17. Bc4 Nh5 18. Qh3 Rf6 19. Nh6+ Bxh6 20. Bxh6 Qe8 21. Nb5
Rb8 22. dxc5 Nxc5 23. Bg5 e3 24. Qxe3 Qxe3 25. Bxe3 Nf4 26. Nd6 Nxg2 27. Bxc5
bxc5 28. Nxb7 Rxb7 29. Kxg2 Rxb2 30. Rf1 Rf5 31. Rc3 Kg7 32. Rf3 Rxf3 33. Kxf3
Rc2 34. Bb3 Rc3+ 35. Ke4 Rh3 36. Rh1 Kf6 37. Kd5 Rf3 38. Rf1 Rf5+ 39. Kc6 Kg5
40. Bd5 h5 41. Kxc5 Kh4 42. a4 Kh3 43. a5 g5 44. Kd4 g4 45. a6 Rf4+ 46. Kc5 h4 0-1

[Event "PRO League KO Stage 2020"]
[Site "chess.com INT"]
[Date "2020.09.26"]
[Round "4.4"]
[White "Giri, Anish"]
[Black "Yu, Yangyi"]
[Result "1/2-1/2"]
[WhiteTitle "GM"]
[BlackTitle "GM"]
[WhiteElo "2763"]
[BlackElo "2709"]
[WhiteTeam "Canada Chessbrahs"]
[BlackTeam "China Pandas"]
[WhiteFideId "24116068"]
[BlackFideId "8603820"]
[EventDate "2020.03.02"]

1. c4 e5 2. Nf3 Nc6 3. g3 Nf6 4. Bg2 Bc5 5. O-O d6 6. Nc3 O-O 7. e3 Bg4 8. h3
Bh5 9. d3 a5 10. b3 Re8 11. Bb2 h6 12. Qd2 Qd7 13. Kh2 Bb4 14. Qc2 Bxc3 15. Qxc3
d5 16. cxd5 Nxd5 17. Qc4 Nb6 18. Qc3 Nd5 19. Qc4 Nb6 20. Qc3 Nd5 1/2-1/2

[Event "PRO League KO Stage 2020"]
[Site "chess.com INT"]
[Date "2020.09.26"]
[Round "4.4"]
[White "Li, Chao b"]
[Black "Tari, Aryan"]
[Result "1/2-1/2"]
[WhiteTitle "GM"]
[BlackTitle "GM"]
[WhiteElo "2683"]
[BlackElo "2634"]
[WhiteTeam "China Pandas"]
[BlackTeam "Canada Chessbrahs"]
[WhiteFideId "8604436"]
[BlackFideId "1510045"]
[EventDate "2020.03.02"]

1. e4 e5 2. Nf3 Nc6 3. Bc4 Bc5 4. O-O Nf6 5. d3 a6 6. c3 Ba7 7. Nbd2 d6 8. a4
O-O 9. b4 Ne7 10. Re1 Ng6 11. Nf1 c6 12. Bb3 h6 13. Be3 Bxe3 14. Rxe3 Re8 15.
Ng3 Be6 16. a5 Qc7 17. Bxe6 Rxe6 18. Qb3 d5 19. Ree1 Rd8 20. Rad1 Red6 21. exd5
Rxd5 22. d4 exd4 23. Rxd4 R8d7 24. Ne4 Nxe4 25. Rexe4 Re7 26. Qc2 Qd6 27. g3
Rxd4 28. Rxd4 Qe6 29. Kg2 Rd7 30. Re4 Qd5 31. Rd4 Qe6 32. Re4 Qd5 33. Rd4 Qe6 1/2-1/2